| 000 | 00597nam a22002177a 4500 | ||
|---|---|---|---|
| 003 | OSt | ||
| 005 | 20220107122747.0 | ||
| 008 | 140419b xxu||||| |||| 00| 0 eng d | ||
| 020 | _a9781420071900 | ||
| 040 | _cIIITM-K | ||
| 082 | _a621.3822 NAI/S | ||
| 100 |
_aNaidu, Prabhakar S _94196 |
||
| 245 |
_aSensor array signal processing _cby Prabhakar S Naidu |
||
| 250 | _a2nd ed. | ||
| 260 |
_aBoca Raton, _bCRC Press, _c2012. |
||
| 300 | _axxi, 533p. | ||
| 650 |
_aCOMMUNICATION ENGINEERING _94197 |
||
| 650 |
_aSIGNAL PROCESSING _94198 |
||
| 650 |
_aDIGITAL SIGNALLING _94199 |
||
| 942 |
_2ddc _cBK |
||
| 999 |
_c4231 _d4231 |
||